| 000 | 02218nam0a2200385 i 4500 | ||
|---|---|---|---|
| 001 | RU\NLR\BIBL_A\010720855 | ||
| 005 | 20260408121301.0 | ||
| 010 |
_a9785890169846 _9500 |
||
| 021 |
_aRU _b15-10676 |
||
| 035 | _a(NILC)RuMoRGB-007870283 | ||
| 035 | _a(NLR Aleph) 010720855 | ||
| 090 |
_a9818909 _c9818909 |
||
| 100 | _a20150406d2014 k y0rusy50 ca | ||
| 101 | 0 |
_arus _aeng _deng _erus _eeng |
|
| 102 | _aRU | ||
| 105 | _aa|||z|||110yy | ||
| 200 | 1 |
_aСтановление профессии "социальный работник": методологии, модели и технологии _dFormation of the profession "social worker": methods, models and techniques _eматериалы IV Международной научно-практической Интернет-конференции, 20-24 октября 2014 г. _f[отв. ред. Н. В. Гарашкина] _zeng |
|
| 210 |
_aТамбов _cИзд-во ТГУ _d2014 |
||
| 215 |
_a435 с. _cил. _d21 |
||
| 300 | _aПосвящается 20-летию ТГУ им. Г. Р. Державина | ||
| 300 | _aЧасть текста и рез. на англ. яз. | ||
| 320 | _aБиблиогр. в конце ст. | ||
| 510 | 1 |
_aFormation of the profession "social worker": methods, models and techniques _zeng |
|
| 606 | 1 |
_aСоциальная работа _jСъезды, совещания и т.п _xКадры _xПодготовка _92072660 _3RU\NLR\AUTH\661247505 |
|
| 686 | 1 | _aУ27(2)2-640-963я431 | |
| 686 | 1 | _aС550.473я431 | |
| 686 | 1 | _aч489.1я431 | |
| 702 | 1 |
_4340 _8rus _7ca _aГарашкина _bН. В. _gНаталья Владимировна _3RU\NLR\AUTH\77122419 _9105344 |
|
| 711 | 1 | 2 |
_a"Становление профессии "социальный работник": методологии, модели и технологии", международная научно-практическая Интернет-конференция _d4 _f2014 _3RU\NLR\AUTH\880396759 _9460127 |
| 801 | 0 |
_aRU _bРГБ _c20150217 _gRCR |
|
| 801 | 1 |
_aRU _bРГБ _c20150217 _2rusmarc |
|
| 942 | _cBOOK | ||
| 980 | _aNBR | ||